000 06952namaa22004451i 4500
003 EG-GICUC
005 20260421221252.0
008 260421s2025 ua a|||frm||| 000 0 eng d
040 _aEG-GICUC
_beng
_cEG-GICUC
_dEG-GICUC
_erda
041 0 _aeng
_beng
_bara
049 _aDeposit
082 0 4 _a615.82
092 _a615.82
_221
097 _aPh.D
099 _aCai01.21.13.Ph.D.2025.He.N
100 0 _aHeba Gamal Sayed Ahmed,
_epreparation.
245 1 0 _aNeuromuscular control exercise versus proprioception training in patient with chronic mechanical neck pain /
_cby Heba Gamal Sayed Ahmed ; Supervisor Prof. Dr. Eman Samir Fayez, Prof. Ahmed Hussian, Prof. Ahmed Shawky Ali.
246 1 5 _aتمارين التحكم العصبي العضلي مقابل تدريبات الأحساس العميق للمرضي المصابين بآلام الرقبة الميكانيكية المزمنة
264 0 _c2025.
300 _a115 pages :
_billustrations ;
_c25 cm. +
_eCD.
336 _atext
_2rda content
337 _aUnmediated
_2rdamedia
338 _avolume
_2rdacarrier
502 _a Thesis (Ph.D)-Cairo University, 2025.
504 _aBibliography: pages 88-110.
520 3 _aBack ground: Neck pain is a highly prevalent musculoskeletal condition affecting a significant portion of the global population. Approximately two-thirds of people experience neck pain at some point in their lives, making it one of the most common causes of disability worldwide. Purpose: This randomized controlled trial was conducted to compare between the effects of neuromuscular control exercises and proprioceptive training on neck pain , range of motion (ROM), position sense, change in pain pressure threshold (PPT), neck disability index (NDI)) after interventions in adults with chronic mechanical neck pain. Setting: Outpatient clinic of the Faculty of Physical therapy, Cairo University and Kasr El-Ainy Hospitals, Faculty of Medicine, Cairo University. Methods: Sixty patients with chronic mechanical neck pain from both sexes aging from 30 to 45 were assigned randomly into three groups: Study group (I)(GA) received neuromuscular control exercises (NMCE)( rolling with only upper limb pattern on both sides plus selected physiotherapy program),study group (II)(GB) received proprioceptive training (Neck position sense training and self -stretching plus selected physiotherapy program) and control group (GC)(received selected physiotherapy program only).Each patient in all three groups was assessed before and after each intervention. The assessment of the neck pain was conducted through Neck disability index, pain pressure threshold was assessed through algometer, cervical ROM for rotation, flexion and extension were assessed using CROM, and neck position sense were assessed using CROM. Results: There was a significant decrease in NDI and increase in PPT of group A compared with group B and C (p < 0.05). Also, there was a significant decrease in NDI and increase in PPT of group B compared with group C (p < 0.05) post treatment. There was a significant increase in CROM of group A compared with group B (p < 0.05) and group C (p < 0.001); and a significant increase in CROM of group B compared with group C (p < 0.05) post treatment. There was a significant decrease in right and left rotation joint position error (JPE) of group A compared with group B (p < 0.05) and group C (p < 0.001). Also, there was a significant decrease in the right and left rotation JPE of group compared with group C (p < 0.01) post treatment Conclusion: Neuromuscular control exercises using upper extremity pattern rolling combined with traditional physiotherapy produced greater improvements in pain reduction, pain pressure threshold, cervical range of motion, and proprioceptive accuracy compared to proprioceptive training or physiotherapy alone in adults with chronic mechanical neck pain.
520 3 _aهدفت الدراسة الحالية إلى مقارنة تأثير تمارين التحكم العصبي العضلي وتدريب الحس العميق على ألم الرقبة، ومدى حركة الفقرات العنقية ، والإحساس بوضع المفصل لدى البالغين المصابين بألم الرقبة الميكانيكي المزمن. تم اختيار ستين مشاركًا من الذكور والإناث الذين تتراوح أعمارهم بين 30 و45 عامًا ويعانون من تاريخ من ألم الرقبة الميكانيكي المزمن، حيث أبلغ جميع المشاركين عن شعور بعدم الراحة في الرقبة خلال الأيام السبعة السابقة للدراسة. شملت مقاييس النتائج مؤشر إعاقة الرقبة لتقييم العجز الوظيفي، وجهاز قياس الضغط المؤلم لقياس عتبة ضغط الألم ، وجهاز مدى حركة الفقرات العنقية لقياس مدى الحركة، واختبار خطأ وضع المفصل .تم تحليل البيانات إحصائيًا باستخدام تحليل التباين المتعدد المختلط للمقارنة بين المتغيرات عبر المجموعات. أظهرت النتائج تحسنًا ملحوظًا بعد العلاج في المجموعات الثلاث جميعها (تمارين التحكم العصبي العضلي، وتدريب الحس العميق، والتمارين التقليدية)، مع انخفاض كبير في قيم مؤشر الإعاقة ، وزيادة ملحوظة في عتبة ضغط الألم ، وتحسن واضح في مدى حركة الفقرات العنقية، وانخفاض كبير في خطأ وضع المفصل أثناء الدوران إلى الجهة اليمنى واليسرى. ومن بين التدخلات، أظهرت تمارين التحكم العصبي العضلي أكبر تحسن عام، لا سيما من خلال تطبيق تمارين نمط التدحرج للطرف العلوي.
530 _aIssues also as CD.
546 _aText in English and abstract in Arabic & English.
650 0 _aPhysical Therapy
650 0 _aالعلاج الطبيعي
653 1 _aMechanical neck pain
_aNeuromuscular control exercise
_aProprioceptive training
_aAlgometer
_aCROM
_aNeck position sense
_aآلام الرقبة الميكانيكية
_aتمارين التحكم العصبي العضلي
700 0 _aEman Samir Fayez
_ethesis advisor.
700 0 _aAhmed Hussian
_ethesis advisor.
700 0 _aAhmed Shawky Ali
_ethesis advisor.
900 _b01-01-2025
_cEman Samir Fayez
_cAhmed Hussian
_cAhmed Shawky Ali
_UCairo University
_FFaculty of Physical Therapy
_DDepartment of Physical Therapy for Neurology and Neurosurgery
905 _aShimaa
942 _2ddc
_cTH
_e21
_n0
999 _c179659